| 000 | 00681nam a2200217 a 4500 | ||
|---|---|---|---|
| 005 | 20240928063750.0 | ||
| 008 | 030813s2002 mx r 000 0 spa d | ||
| 020 | _a9688606524 | ||
| 035 | _aUPN01000149838 | ||
| 049 | _aCG | ||
| 050 | 4 |
_aHD30.23 _bM3.5 2002 |
|
| 100 | 1 | _aMaroto, Carlos | |
| 245 | 1 | 3 |
_aEl mejor camino a la excelencia empresarial : _bel mago de Oz te lleva de la mano / _cCarlos Maroto, Miguel Ángel Tenorio. |
| 250 | _a2a ed. | ||
| 260 |
_aMéxico : _bPax-México, _c2002. |
||
| 300 | _a102 p. | ||
| 650 | 7 |
_aToma de decisiones _2 _91881 |
|
| 650 | 4 |
_aEmpresas _xAdministración _9229 |
|
| 700 | 1 |
_aTenorio, Miguel Angel, _d1954- , _ecoaut. |
|
| 905 | _aLibro | ||
| 999 |
_c121979 _d121979 |
||